101 American English Riddles
Uloženo v:
| Hlavní autor: | |
|---|---|
| Médium: | Kniha |
| Jazyk: | Undetermined |
| Vydáno: |
Illinois
Passport Books
1996
|
| Témata: | |
| Tagy: |
Přidat tag
Žádné tagy, Buďte první, kdo otaguje tento záznam!
|
| Thư viện lưu trữ: | Trung tâm Học liệu Trường Đại học Cần Thơ |
|---|
| LEADER | 00652nam a2200229Ia 4500 | ||
|---|---|---|---|
| 001 | CTU_93463 | ||
| 008 | 210402s9999 xx 000 0 und d | ||
| 020 | |c 60000 | ||
| 082 | |a 306.440973 | ||
| 082 | |b C713 | ||
| 100 | |a Collis, Harry | ||
| 245 | 0 | |a 101 American English Riddles | |
| 245 | 0 | |c Harry Collis | |
| 260 | |a Illinois | ||
| 260 | |b Passport Books | ||
| 260 | |c 1996 | ||
| 650 | |a English Language,United States,Language and culture | ||
| 650 | |x Study and teaching,Foreign speakers,Social life and customs | ||
| 650 | |y 1971- | ||
| 650 | |z United States | ||
| 904 | |i Truc | ||
| 980 | |a Trung tâm Học liệu Trường Đại học Cần Thơ | ||